It looks like you're offline.
Open Library logo
additional options menu

MARC record from Internet Archive

LEADER: 02021cam 2200505 a 4500
001 ocm20094581
003 OCoLC
005 20191116004729.0
008 890420s1989 paua j b 001 0 eng
010 $a 89043016
040 $aDLC$beng$cDLC$dOCL$dBTCTA$dYDXCP$dOCLCO$dOCLCF$dOCLCO$dOCLCQ$dJDP$dOCLCO$dOCL
020 $a0894717626
020 $a9780894717628
035 $a(OCoLC)20094581
042 $alcac
043 $an-us---
050 00 $aGV875.3$b.P57 1989
082 00 $a796.357/0973/075$221
100 1 $aPlaut, David.
245 10 $aStart collecting baseball cards /$cDave Plaut.
260 $aPhiladelphia, Pa. :$bRunning Press,$c℗♭1989.
300 $a93 pages :$billustrations ;$c21 cm
336 $atext$btxt$2rdacontent
337 $aunmediated$bn$2rdamedia
338 $avolume$bnc$2rdacarrier
500 $a"A Running Press collector book"--Cover.
500 $aIncludes 8 cards in plastic pocket.
504 $aIncludes bibliographical references (pages 81-84) and index.
520 $aExamines the history, manufacturing process, collection, care, and classification of baseball cards and describes ten historic sets.
650 0 $aBaseball cards$zUnited States$vJuvenile literature.
650 0 $aBaseball cards$xCollectors and collecting$zUnited States$vJuvenile literature.
650 1 $aBaseball cards.
650 7 $aBaseball cards.$2fast$0(OCoLC)fst00827967
650 7 $aBaseball cards$xCollectors and collecting.$2fast$0(OCoLC)fst00827969
651 7 $aUnited States.$2fast$0(OCoLC)fst01204155
655 7 $aLiterature.$2fast$0(OCoLC)fst01921716
655 7 $aJuvenile works.$2fast$0(OCoLC)fst01411637
655 7 $aJuvenile works.$2lcgft
655 7 $aLiterature.$2lcgft
938 $aBaker & Taylor$bBKTY$c9.95$d7.46$i0894717626$n0001626441$sactive
938 $aBaker and Taylor$bBTCP$n89043016$c$9.95
938 $aYBP Library Services$bYANK$n1008901
029 1 $aAU@$b000021626681
994 $aZ0$bP4A
948 $hNO HOLDINGS IN P4A - 149 OTHER HOLDINGS